1159 1377 1684 1022 1314 1647 1683 1347 1486 1171 1918 1866 1431 1998 1872 1218 1901 1539 1214 1433 1555 1063 1091 1429 1670 1465 1708 1085 1613 1959 1912 1517 1773 1396 1618 1516 1909 1410 1990 1578 1440 1247 1373 1287 1416 1471 1423 1140 1043 1183 1364 1834 1278 1273 1083 1928 1893 1672 1508 1251 1205 1252 1710 1825 1929 1416 1707 1566 1494 1252 1689 1101 1354 1847 1733 1787 1821 1567 1430 1285 1400 1652 1951 1091 1055 1022 1523 1326 1898 1740 1271 1568 1565 1624 1527 1354 1610 1033 1222 BCNSPRNW ULIB Ver.6.0+V

เปลี่ยนเป็นภาษาไทย

Change to English
 แสดงรายละเอียดบรรณานุกรม
  กลับหน้าหลัก

Brief Record : Get Marc (ISO 2709) : E-mail record : QR code < ปิดหน้าต่าง
LEADER : 00000nam 2200000uu 4500
001    13399124235
003     ULIB
008    020711s2015 th a 000 0 eng d
020    9780323266024
060    WY152^bS944G
100    Sue E. Meiner.
245    Gerontologic Nursing./^cSue E. Meiner.
250    5th ed
260    St.Louis. :^bElsevier,^c2015
300    680 pages;^b27.5 cm
650    Gerontologic Nursing
945    ^p0^l0^i039067
รายการนี้ยังไม่มีแท็ก
คุณยังไม่ได้ล็อกอิน คุณสามารถมีกิจกรรมร่วมกับเว็บไซต์ได้ แต่ต้องล็อกอินก่อน ::
  ล็อกอิน

รายการสื่อสารสนเทศ

ลำดับที่ ประเภท เลขเรียก/บาร์โค้ด สถานที่ สถานะ
1. Book การพยาบาล
Book การพยาบาล
WY152 S944G ฉ.1 
  Barcode: 039067
ห้องสมุดวิทยาเขตสวรรค์ประชารักษ์
►หนังสือทั่วไป
บนชั้น

BibComment


ยังไม่เคยถูกคอมเมนท์

คอมเมนท์ทรัพยากรรายการนี้
  คอมเมนท์: Gerontologic Nurs..


 Copyright 2026. Bcnsprnw @Library